Harry Potter name chain 1 - Statistics

General Stats
  • This quiz has been taken 3,077 times
  • The average score is 14 of 21
Answer Stats
Hint Character % Correct
The boy who lived Harry Potter
100%
His wife Ginny Weasley
99%
Her eldest brother Bill Weasley
96%
His wife Fleur Delacour
95%
The name of the cottage where she lives with her husband Shell Cottage
70%
Where this character is buried Dobby
67%
Who used to serve Lucius Malfoy
67%
Whose sister is Bellatrix Lestrange
66%
Whose wife is Narcissa Malfoy
66%
Who was imprisioned for torturing whose parents Neville Longbottom
66%
Whose favourite subject is Herbology
65%
Who is head of Hufflepuff
64%
Which is taught by Sprout
64%
Who has a prefect named Cedric Diggory
60%
Who was joint champion in the Triwizard Tournament
58%
Durmstrangs champion Viktor Krum
58%
His headmaster Igor Karkaroff
57%
Who used to be a follower of Lord Voldemort
57%
Whose son is Harry Potter
51%
Who loves Lily Potter
51%
Who 'placed' which person as a spy at Hogwarts Severus Snape
51%
No matching quizzes found
Score Distribution
Percent of People with Each Score
Percentile by Number Answered
Your Score History
You have not taken this quiz